000 00531nam a22001817a 4500
003 NUST
038 _aNusrat Nadeem
040 _aCentral Library NUST
082 _a200
100 _aNadir, Humel
_9122980
245 _aVISIT TO YAŞAR UNIVERSITY & PINAR INDUSTRY/
_cHumel Nadir,
264 _aIslamabad,
_bNBS NUST,
_c2024
300 _a27,p;
_bill;
_c30,cm.
650 _aEMBA
_9122975
700 _aSupervisor: Dr. Zujaja Wahaj
_9123057
856 _uhttp://10.250.8.41:8080/xmlui/handle/123456789/43547
942 _2ddc
_cTHE
999 _c609332
_d609332